LIBRARY & INFORMATION CENTRE, KCAET, TAVANUR

ONLINE PUBLIC ACCESS CATALOGUE (OPAC)

Text book of building construction / (Record no. 12994)

MARC details
000 -LEADER
fixed length control field 00402cam a2200157ua 4500
003 - CONTROL NUMBER IDENTIFIER
control field OSt
008 - FIXED-LENGTH DATA ELEMENTS--GENERAL INFORMATION
fixed length control field 180814b ||||| |||| 00| 0 eng d
100 ## - MAIN ENTRY--AUTHOR NAME
Personal name Punmia, B C;.
245 ## - TITLE STATEMENT
Title Text book of building construction /
250 ## - EDITION STATEMENT
Edition statement 5 /
260 ## - PUBLICATION, DISTRIBUTION, ETC. (IMPRINT)
Place of publication New Delhi :
Name of publisher Laxmi publications ,
Year of publication 2006.
300 ## - PHYSICAL DESCRIPTION
Number of Pages ; .
700 1# - ADDED ENTRY--PERSONAL NAME
Personal name Jain, Arun Kumar .
700 1# - ADDED ENTRY--PERSONAL NAME
Personal name Jain, Ashok Kumar ;.
942 ## - ADDED ENTRY ELEMENTS (KOHA)
Koha item type Books
Holdings
Withdrawn status Lost status Damaged status Home library Current library Date acquired Full call number Accession Number Koha item type
      KAUAET KAUAET 07/04/2012 690 PUN/BU 21160 Books
      KAUAET KAUAET 07/04/2012 690 PUN/BU 21161 Books
      KAUAET KAUAET 07/04/2012 690 21485 Books
      KAUAET KAUAET 07/04/2012 690 21484 Books
      KAUAET KAUAET 07/04/2012 690 21483 Books
free website counter